[Event "23. Schachcomputer Oldie-Turnier U1960"]
[Site "Klingenberg am Main"]
[Date "2022.04.09"]
[Round "1.1"]
[White "Saitek Analyst D++  6 MHz"]
[Black "Chafitz Sargon ARB 4.0 24 MHz"]
[Result "1-0"]
[WhiteElo "1946"]
[BlackElo "1960"]
[PlyCount "128"]
[EventDate "2022.04.09"]
[EventType "rapid"]

1. e4 e6 2. d4 d5 3. Nc3 Bb4 4. e5 c5 5. Bd2 Ne7 6. a3 Bxc3 7. Bxc3 cxd4 8.
Bxd4 Nbc6 9. Nf3 Nxd4 10. Nxd4 Bd7 11. Bd3 Qb6 12. Nb3 Ba4 13. Qg4 Bxb3 14.
cxb3 O-O 15. Bxh7+ Kxh7 16. Qh4+ Kg8 17. Qxe7 Qxb3 18. Qb4 Qxb4+ 19. axb4 Rfc8
20. Kd2 Rc4 21. b5 Rb4 22. Rhb1 Rxb5 23. Kd3 Rb3+ 24. Kc2 Rb4 25. Kd3 Re4 26.
Re1 Rxe1 27. Rxe1 Rc8 28. Ra1 a6 29. Ra4 Kh7 30. h3 f5 31. exf6 gxf6 32. Rb4 b5
33. Rb3 e5 34. Ra3 Rc6 35. h4 f5 36. g3 Rd6 37. Rc3 d4 38. Rc7+ Kg6 39. f3 Kf6
40. Rb7 Ke6 41. h5 Kd5 42. Re7 a5 43. g4 fxg4 44. fxg4 Rf6 45. Rd7+ Ke6 46. Ra7
Rf3+ 47. Kd2 a4 48. h6 Rf2+ 49. Kc1 Rg2 50. Rg7 d3 51. g5 Rc2+ 52. Kd1 Rxb2 53.
h7 Rb1+ 54. Kd2 Rb2+ 55. Kxd3 Rb3+ 56. Kc2 Rh3 57. Rg6+ Kf5 58. Rh6 Rg3 59.
h8=Q Rg2+ 60. Kd1 Rxg5 61. Qf8+ Kg4 62. Qf2 Rg8 63. Qg2+ Kf4 64. Rf6+ Ke3 1-0

[Event "23. Schachcomputer Oldie-Turnier U1960"]
[Site "Klingenberg am Main"]
[Date "2022.04.09"]
[Round "1.2"]
[White "Mephisto Roma II"]
[Black "Mephisto Amsterdam"]
[Result "0-1"]
[WhiteElo "1960"]
[BlackElo "1934"]
[PlyCount "166"]
[EventDate "2022.04.09"]
[EventType "rapid"]

1. d4 d5 2. c4 c6 3. cxd5 cxd5 4. Nc3 Nf6 5. Nf3 g6 6. Bf4 Bg7 7. e3 O-O 8. Be2
Nc6 9. O-O Bf5 10. Nh4 Bd7 11. Rc1 Qb6 12. Na4 Qa5 13. Rc5 Qd8 14. Nc3 b6 15.
Rb5 e6 16. Bd6 Ne7 17. Rb4 Bc6 18. Be5 Qd7 19. Qd3 Bb7 20. Nf3 Rac8 21. Rc1 Nf5
22. a3 Qc6 23. Bd1 Ng4 24. Bxg7 Kxg7 25. Ng5 Nf6 26. Ba4 Qd6 27. h3 a5 28. Rb3
Rfd8 29. Bb5 h6 30. Nf3 Nd7 31. Bxd7 Rxd7 32. Re1 Qc7 33. Rd1 Nd6 34. Ne5 Re7
35. Na4 b5 36. Nc5 Bc6 37. Nxc6 Qxc6 38. Rc1 Nc4 39. Qc3 Rec7 40. Qc2 e5 41.
Qd1 Re7 42. Qg4 h5 43. Qg5 f6 44. Qg3 exd4 45. exd4 Rce8 46. Rc2 Re1+ 47. Kh2
R8e2 48. Qd3 Re7 49. Qg3 R1e2 50. Qd3 Qe8 51. Rxe2 Rxe2 52. Rxb5 Rxf2 53. Rb7+
Kh6 54. b3 Nxa3 55. Rb6 Nc2 56. Re6 Qb8+ 57. Kg1 Qf4 58. Re8 Nxd4 59. Ne6 Nxe6
60. Rxe6 Rd2 61. Qf1 Qd4+ 62. Kh2 Kg7 63. Re7+ Kf8 64. Qe1 Qf4+ 65. Kh1 Qf2 66.
Re8+ Kg7 67. Re7+ Kh6 68. Qxf2 Rxf2 69. Rd7 Rf5 70. Kh2 Re5 71. Kg3 f5 72. Rd6
Re3+ 73. Kf4 Rxb3 74. Rxd5 Rb4+ 75. Ke5 a4 76. Rd6 Kg5 77. Ra6 Re4+ 78. Kd5 h4
79. Kc5 Re2 80. Rxa4 Rxg2 81. Ra1 Rg3 82. Rh1 f4 83. Kd4 Kf5 0-1

[Event "23. Schachcomputer Oldie-Turnier U1960"]
[Site "Klingenberg am Main"]
[Date "2022.04.09"]
[Round "1.3"]
[White "Novag Aquamarine Super Nova"]
[Black "Mephisto Modena"]
[Result "1/2-1/2"]
[WhiteElo "1922"]
[BlackElo "1957"]
[PlyCount "127"]
[EventDate "2022.04.09"]
[EventType "rapid"]

1. c4 c6 2. Nf3 d5 3. cxd5 cxd5 4. d4 Nc6 5. Bf4 Bg4 6. Nbd2 e6 7. e3 Qb6 8. b3
Bb4 9. Be2 Bxf3 10. Bxf3 Qa5 11. a4 Nf6 12. Ra2 O-O 13. O-O Rac8 14. Rc2 Ne7
15. e4 Ng6 16. Be3 Nh4 17. e5 Nxf3+ 18. Nxf3 Ne4 19. Qd3 Rxc2 20. Qxc2 Bc3 21.
Rc1 h6 22. h3 Qb4 23. Qd1 Rc8 24. Ne1 b6 25. Nd3 Qa3 26. Qg4 Qxb3 27. Bxh6 g6
28. Be3 Qxa4 29. f3 Qa6 30. Nf4 Bd2 31. Bxd2 Nxd2 32. Rd1 Nc4 33. Nxg6 Ne3 34.
Ne7+ Kf8 35. Qg8+ Kxe7 36. Qg5+ Ke8 37. Qxe3 Qa4 38. Rd2 a5 39. Kf2 Qb4 40. Ra2
Rc4 41. Rd2 a4 42. Qf4 Qe7 43. Rb2 Rb4 44. Rc2 Kd8 45. Qg3 Rc4 46. Rxc4 dxc4
47. Qg8+ Kd7 48. Qa8 Qb4 49. Qb7+ Ke8 50. Qc8+ Ke7 51. Qc7+ Kf8 52. Qd8+ Kg7
53. g4 a3 54. h4 Qb2+ 55. Kg3 a2 56. Qf6+ Kg8 57. Qg5+ Kf8 58. Qd8+ Kg7 59.
Qf6+ Kg8 60. Qg5+ Kh7 61. Qh5+ Kg7 62. Qg5+ Kh8 63. Qh6+ Kg8 64. Qg5+ 1/2-1/2

[Event "23. Schachcomputer Oldie-Turnier U1960"]
[Site "Klingenberg am Main"]
[Date "2022.04.09"]
[Round "1.4"]
[White "Novag Super Expert A 5 MHz"]
[Black "Saitek Travel Champion 2080"]
[Result "1-0"]
[WhiteElo "1950"]
[BlackElo "1922"]
[PlyCount "157"]
[EventDate "2022.04.09"]
[EventType "rapid"]

1. d4 c6 2. e4 d5 3. exd5 cxd5 4. c4 Nf6 5. Nc3 e6 6. Nf3 Be7 7. cxd5 Nxd5 8.
Bd3 Nc6 9. O-O O-O 10. Re1 Bf6 11. a3 Re8 12. Nxd5 exd5 13. Rxe8+ Qxe8 14. Bg5
Qd8 15. Bxf6 Qxf6 16. Qc2 h5 17. Qc3 Be6 18. Rc1 Rc8 19. Qc2 Qf4 20. Qd1 Kh8
21. Ne5 Qg5 22. Be2 Nxe5 23. Rxc8+ Bxc8 24. dxe5 Qxe5 25. Bxh5 Be6 26. Bf3 Qxb2
27. h4 d4 28. Be4 Kg8 29. g4 b6 30. Qa4 g5 31. Qxa7 Qc1+ 32. Kg2 Qf4 33. Qa8+
Kg7 34. f3 gxh4 35. Qd8 Qf6 36. Qxb6 Bc4 37. Qc5 Be6 38. a4 Kg8 39. Qh5 Bc4 40.
Qh7+ Kf8 41. Kf2 Ba6 42. a5 Ke7 43. Bb1 Kd6 44. Kg2 Kc5 45. Qc2+ Kb5 46. Qa2
Kc6 47. Be4+ Kd6 48. Qd5+ Ke7 49. Kf2 Qd6 50. Qg5+ Qf6 51. Qh5 Ke8 52. Qc5 Kd7
53. Bf5+ Ke8 54. g5 Qe7 55. Qc6+ Kf8 56. Qh6+ Ke8 57. Qh8+ (57. Qf8+) 57... Qf8
58. Qxd4 Qe7 59. Qh8+ Qf8 60. Qxf8+ Kxf8 61. f4 Bb7 62. Bg4 Ke7 63. f5 Kf8 64.
f6 Ke8 65. Bf5 Kf8 66. Kf1 Ke8 67. Ke1 Kd8 68. Kf2 Ke8 69. Bd3 Bd5 70. g6 fxg6
71. Bxg6+ Kf8 72. a6 Ba8 73. Kg1 h3 74. Kh2 Bg2 75. a7 Kg8 76. Kg3 Kh8 77. Bf5
Kg8 78. Bxh3 Ba8 79. Bg2 1-0

[Event "23. Schachcomputer Oldie-Turnier U1960"]
[Site "Klingenberg am Main"]
[Date "2022.04.09"]
[Round "1.5"]
[White "Mephisto MM II 7.4 MHz"]
[Black "Mephisto Mega IV"]
[Result "1-0"]
[WhiteElo "1892"]
[BlackElo "1949"]
[PlyCount "61"]
[EventDate "2022.04.09"]
[EventType "rapid"]

1. e4 e5 2. Bc4 Nf6 3. Nc3 Nc6 4. d3 Bb4 5. Bg5 h6 6. Bd2 Na5 7. Nf3 Nxc4 8.
dxc4 d6 9. Nd5 Bxd2+ 10. Nxd2 Nxd5 11. cxd5 Qg5 12. Rg1 Bg4 13. Qb1 c6 14. Nc4
Qg6 15. c3 O-O 16. Ne3 cxd5 17. exd5 Bh5 18. Qf5 Rfd8 19. g4 Qxf5 20. Nxf5 Bg6
21. Ne7+ Kh7 22. Nxg6 Kxg6 23. O-O-O Kg5 24. Kd2 Kf4 25. a4 Ke4 26. c4 Kf3 27.
Rg3+ Kxf2 28. Re1 Rac8 29. Re2+ Kf1 30. Rgg2 Rxc4 31. Ref2# 1-0

[Event "23. Schachcomputer Oldie-Turnier U1960"]
[Site "Klingenberg am Main"]
[Date "2022.04.09"]
[Round "1.6"]
[White "Mephisto MM IV + HG440"]
[Black "Fidelity Elite Privat Glasgow"]
[Result "1/2-1/2"]
[WhiteElo "1947"]
[BlackElo "1842"]
[PlyCount "98"]
[EventDate "2022.04.09"]
[EventType "rapid"]

1. d4 d5 2. c4 dxc4 3. Nf3 Nf6 4. e3 e6 5. Bxc4 c5 6. O-O a6 7. Qe2 b5 8. Bb3
Bb7 9. Nc3 Nbd7 10. Rd1 Qb8 11. d5 exd5 12. Nxd5 c4 13. Nxf6+ Nxf6 14. Bc2 Bc5
15. e4 Ng4 16. Rf1 O-O 17. h3 Nf6 18. Be3 Qc7 19. Bxc5 Qxc5 20. Rae1 Rae8 21.
Nd2 Qe5 22. Ra1 Qxb2 23. Nxc4 bxc4 24. Rab1 Qxa2 25. Rxb7 Rxe4 26. Qd2 Rfe8 27.
Qc3 Re2 28. Bb1 Qa4 29. Rb4 Qd7 30. Rxc4 Ne4 31. Qd3 Nf6 32. Qc3 Qd5 33. Bd3
R2e5 34. Rc7 Ne4 35. Qc2 Qa8 36. Rc1 Nf6 37. Kh2 R5e6 38. Qb1 Qd5 39. Kg1 Qd6
40. Ra7 Qa3 41. Rac7 Qa5 42. Rc8 Re1+ 43. Rxe1 Rxc8 44. Qa1 Qxa1 45. Rxa1 Nd5
46. Bxa6 Ra8 47. Rb1 Nf4 48. Bc4 Kf8 49. Rb7 Ne6 1/2-1/2

[Event "23. Schachcomputer Oldie-Turnier U1960"]
[Site "Klingenberg am Main"]
[Date "2022.04.09"]
[Round "2.2"]
[White "Mephisto MM II 7.4 MHz"]
[Black "Saitek Analyst D++  6 MHz"]
[Result "0-1"]
[WhiteElo "1892"]
[BlackElo "1946"]
[PlyCount "142"]
[EventDate "2022.04.09"]
[EventType "rapid"]

1. e4 c6 2. d4 d5 3. exd5 cxd5 4. Bd3 Nc6 5. c3 g6 6. Nf3 Nh6 7. Ne5 Bg7 8.
Nxc6 bxc6 9. O-O O-O 10. Na3 Qd6 11. Qf3 Bg4 12. Qf4 Bf5 13. Qxd6 exd6 14. Bxh6
Bxd3 15. Bxg7 Kxg7 16. Rfd1 Bf5 17. Re1 Rfe8 18. b4 Rab8 19. f4 Re4 20. g3 Rbe8
21. Kf1 Bg4 22. Nc2 Re2 23. Kg1 Bf5 24. Rxe2 Rxe2 25. Ne1 Kf6 26. a4 Bh3 27. b5
Bd7 28. bxc6 Bxc6 29. Ng2 Rc2 30. Ra3 Ke6 31. h4 f5 32. Kf1 Bb7 33. Ne3 Ba6+
34. Kg1 Re2 35. Ng2 Bd3 36. h5 gxh5 37. a5 Kd7 38. a6 Kc6 39. Nh4 Kb6 40. Ra1
Rc2 41. Ra3 h6 42. Ng6 Re2 43. Nh4 Rb2 44. Ng6 Rb1+ 45. Kg2 Be4+ 46. Kf2 Rb2+
47. Kf1 Bd3+ 48. Kg1 h4 49. Nxh4 Rc2 50. Ng6 Re2 51. Nh4 Rb2 52. Kh1 Rf2 53.
Kg1 Re2 54. Ra1 Rc2 55. Ra3 Kb5 56. Ng2 Be4 57. Ne3 Re2 58. g4 fxg4 59. f5 Rxe3
60. c4+ dxc4 61. Rxe3 Bxf5 62. Re7 Kxa6 63. Rf7 Be4 64. Rf4 Bf3 65. Rf6 c3 66.
d5 Kb5 67. Rxd6 Be2 68. Rd7 c2 69. Rb7+ Ka4 70. Rc7 Kb3 71. Rxc2 Kxc2 0-1

[Event "23. Schachcomputer Oldie-Turnier U1960"]
[Site "Klingenberg am Main"]
[Date "2022.04.09"]
[Round "2.3"]
[White "Mephisto Modena"]
[Black "Mephisto MM IV + HG440"]
[Result "1-0"]
[WhiteElo "1957"]
[BlackElo "1947"]
[PlyCount "129"]
[EventDate "2022.04.09"]
[EventType "rapid"]

1. e4 e6 2. d4 d5 3. Nc3 Bb4 4. e5 c5 5. Bd2 Nc6 6. Nb5 Bxd2+ 7. Qxd2 Nxd4 8.
Nxd4 cxd4 9. f4 Ne7 10. Nf3 Nf5 11. Bd3 Qb6 12. O-O-O Ne3 13. Rde1 O-O 14. Rhg1
g6 15. Be2 f6 16. Nxd4 fxe5 17. fxe5 Nf5 18. Nf3 Bd7 19. g4 Ne3 20. Nd4 Rf4 21.
Qxe3 Qxd4 22. Qxd4 Rxd4 23. Bd3 Rf8 24. h3 Rf3 25. Rh1 Rf2 26. Ref1 Rg2 27. Rf6
Kg7 28. Rhf1 Kh6 29. Rf7 Bc6 30. Re7 Ra4 31. Rff7 Rxa2 32. Kb1 Ra5 33. b4 Ra4
34. Rxh7+ Kg5 35. Rxe6 Rxb4+ 36. Ka2 Kf4 37. Bxg6 Ba4 38. Ka3 a5 39. c3 Rg3 40.
Rf7+ Kg5 41. Rf5+ Kh6 42. Be8+ Kh7 43. Re7+ Kg8 44. Bf7+ Kf8 45. Rc7 Bc2 46.
Rf2 Ra4+ 47. Kb2 Be4 48. Bxd5+ Ke8 49. Bb3 b5 50. Bxa4 bxa4 51. Ka3 Rxh3 52.
Kxa4 Rg3 53. Kxa5 Rxg4 54. Rff7 Rg6 55. Rfe7+ Kd8 56. e6 Bc6 57. Kb6 Be8 58.
Rh7 Rxe6+ 59. Kb7 Bc6+ 60. Kb8 Bd7 61. Rcxd7+ Ke8 62. Kc7 Re7 63. Rhxe7+ Kf8
64. c4 Kg8 65. Rd8# 1-0

[Event "23. Schachcomputer Oldie-Turnier U1960"]
[Site "Klingenberg am Main"]
[Date "2022.04.09"]
[Round "2.4"]
[White "Fidelity Elite Privat Glasgow"]
[Black "Novag Aquamarine Super Nova"]
[Result "1/2-1/2"]
[WhiteElo "1842"]
[BlackElo "1922"]
[PlyCount "77"]
[EventDate "2022.04.09"]
[EventType "rapid"]

1. e4 Nf6 2. e5 Nd5 3. d4 d6 4. Nf3 Bg4 5. Be2 e6 6. O-O Be7 7. c4 Nb6 8. exd6
cxd6 9. Nc3 O-O 10. Be3 Bxf3 11. Bxf3 Nc6 12. c5 dxc5 13. dxc5 Nc4 14. Bxc6
bxc6 15. Qe2 Nxe3 16. Qxe3 Qa5 17. Ne4 Rfd8 18. a3 e5 19. Rfd1 Rxd1+ 20. Rxd1
Rd8 21. Rxd8+ Qxd8 22. Nd6 Bxd6 23. cxd6 Qxd6 24. Qb3 c5 25. Qa4 h6 26. h4 Qe7
27. Qe4 f6 28. Qc4+ Kh7 29. Qe4+ g6 30. h5 f5 31. Qc2 e4 32. hxg6+ Kxg6 33. Qc4
h5 34. Qg8+ Qg7 35. Qb3 h4 36. Qb5 c4 37. Qxc4 Qxb2 38. Qg8+ Qg7 39. Qa2
1/2-1/2

[Event "23. Schachcomputer Oldie-Turnier U1960"]
[Site "Klingenberg am Main"]
[Date "2022.04.09"]
[Round "2.5"]
[White "Chafitz Sargon ARB 4.0 24 MHz"]
[Black "Mephisto Mega IV"]
[Result "1-0"]
[WhiteElo "1960"]
[BlackElo "1949"]
[PlyCount "141"]
[EventDate "2022.04.09"]
[EventType "rapid"]

1. d4 d5 2. c4 c6 3. Nf3 Nf6 4. Nc3 dxc4 5. a4 Bf5 6. e3 e6 7. Bxc4 Bb4 8. O-O
O-O 9. Qe2 Re8 10. Nh4 Bg4 11. f3 Bh5 12. Qf2 Nd5 13. Bd2 Be7 14. g3 Bxh4 15.
gxh4 Nd7 16. e4 N5b6 17. Bd3 Ne5 18. Be2 Nec4 19. Bc1 a5 20. b3 Nd6 21. Bf4 f6
22. Be3 Qc7 23. e5 Nf5 24. f4 Bxe2 25. Nxe2 Nxe3 26. Qxe3 Nd5 27. Qg3 Rad8 28.
h5 Rf8 29. h6 g6 30. Kg2 Rde8 31. Rac1 b6 32. Nc3 c5 33. Nxd5 exd5 34. Qc3 Rf7
35. dxc5 fxe5 36. fxe5 Rxf1 37. Kxf1 bxc5 38. Re1 Re7 39. e6 Qxh2 40. Qxc5 Qh1+
41. Kf2 Qh4+ 42. Kg2 Qg4+ 43. Kh2 Qf4+ 44. Kg1 Qg5+ 45. Kf1 Re8 46. Qxa5 Qxh6
47. Qxd5 Qh3+ 48. Kf2 Rf8+ 49. Ke2 Qg4+ 50. Kd3 Qh3+ 51. Kc2 Qh2+ 52. Kd1 Re8
53. e7+ Kg7 54. a5 Qb2 55. Qe5+ Qxe5 56. Rxe5 Kf6 57. Re2 h5 58. a6 h4 59. a7
h3 60. Kd2 Kg7 61. Rf2 h2 62. Rxh2 g5 63. Rf2 Rh8 64. Rf8 Rxf8 65. exf8=Q+ Kxf8
66. a8=Q+ Ke7 67. Qe4+ Kd6 68. Qg6+ Kc5 69. Qxg5+ Kc6 70. b4 Kb7 71. Qc5 1-0

[Event "23. Schachcomputer Oldie-Turnier U1960"]
[Site "Klingenberg am Main"]
[Date "2022.04.09"]
[Round "2.6"]
[White "Saitek Travel Champion 2080"]
[Black "Mephisto Roma II"]
[Result "1-0"]
[WhiteElo "1922"]
[BlackElo "1960"]
[PlyCount "233"]
[EventDate "2022.04.09"]
[EventType "rapid"]

1. c4 e6 2. Nc3 d5 3. cxd5 exd5 4. d4 Nf6 5. Nf3 c6 6. e3 Bd6 7. Bd3 O-O 8. O-O
Re8 9. b3 Ne4 10. Bxe4 dxe4 11. Nd2 Bf5 12. Nc4 Bb4 13. Bb2 Qg5 14. Ne2 Nd7 15.
a3 Be7 16. Ng3 Rad8 17. Qc2 Bf8 18. Na5 Rb8 19. Nxf5 Qxf5 20. Nc4 Qg4 21. Rac1
Rbc8 22. Rfd1 Be7 23. Na5 Rb8 24. h3 Qg5 25. Nc4 Nf6 26. Rd2 Rbd8 27. Rcd1 Bf8
28. b4 Nd5 29. Na5 Rd7 30. Nb3 Bd6 31. Nc5 Rde7 32. Qa4 Bxc5 33. dxc5 a6 34.
Qc2 Re6 35. Qc4 Rg6 36. Qf1 f5 37. Rd4 f4 38. exf4 Nxf4 39. g3 Nd3 40. Bc3 Rf8
41. R4xd3 exd3 42. Rxd3 Qf4 43. Bb2 Qf5 44. Re3 h6 45. Qc4+ Kh7 46. Qf1 a5 47.
Re1 (47. Re4) 47... axb4 48. axb4 Qf4 49. Bc3 Qf3 50. Be5 Rf7 51. Re2 Qd3 52.
Qe1 Rg5 53. Re3 Qf5 54. f4 Rg6 55. g4 Qc2 56. Re2 Qd3 57. Re3 Qc4 58. Re4 Qb3
59. Re3 Qd5 60. Qc3 Qd1+ 61. Kf2 Rd7 62. Bd6 Rf6 63. Re1 Qd5 64. f5 Qa2+ 65.
Kg3 Rff7 66. Ra1 Qd5 67. Ra8 Qe4 68. Rb8 Qb1 69. Kf2 Qa2+ 70. Kg3 Qe2 71. Rc8
Qf1 72. Re8 Qg1+ 73. Kf3 Qh1+ 74. Kf4 Qh2+ 75. Ke4 Qe2+ 76. Qe3 Qb2 77. Qd4
Qg2+ 78. Kf4 Qxh3 79. Qg1 g6 80. Re5 Qd3 81. Qe3 Qf1+ 82. Qf3 Qg1 83. Qe3 Qh2+
84. Ke4 Qh1+ 85. Kf4 gxf5 86. Rxf5 Rxf5+ 87. gxf5 Qf1+ 88. Ke5 Rf7 89. Qe4 Qa1+
90. Kf4 Qf6 91. Qd3 Qh4+ 92. Ke5 Kh8 93. Qe4 Qf6+ 94. Kf4 Qg5+ 95. Ke5 h5 96.
Qf3 h4 97. Ke4 Kg8 98. Be5 Kf8 99. f6 Qd2 100. Qb3 Qe2+ 101. Kf4 Qf2+ 102. Kg5
Qg2+ 103. Kf4 Qf1+ 104. Kg4 Qg1+ 105. Kf5 Kg8 106. Bf4 Qd4 107. Be5 Qd2 108.
Bd6 Qd5+ 109. Qxd5 cxd5 110. b5 h3 111. c6 bxc6 112. bxc6 Ra7 113. c7 Ra8 114.
Kg6 Kh8 115. f7 Rg8+ 116. fxg8=Q+ Kxg8 117. c8=Q# 1-0

[Event "23. Schachcomputer Oldie-Turnier U1960"]
[Site "Klingenberg am Main"]
[Date "2022.04.09"]
[Round "3.1"]
[White "Novag Super Expert A 5 MHz"]
[Black "Saitek Analyst D++  6 MHz"]
[Result "1/2-1/2"]
[WhiteElo "1950"]
[BlackElo "1946"]
[Annotator "Helscher,Udo"]
[PlyCount "87"]
[EventDate "2022.04.09"]
[EventType "rapid"]

{Sizilianisch (Paulsen/Taimanow-Variante). Mit etwas "Glück" erreicht hier
der Saitek D++ ein Remis in dieser Partie. Am Ende stehen nur noch die beiden
Könige auf dem Brett!} 1. e4 c5 2. Nf3 e6 3. d4 cxd4 4. Nxd4 Nc6 5. Nc3 Qc7 6.
Be2 Bc5 {*erster berechneter Zug} 7. Nf3 {*erster berechneter Zug} Nf6 8. O-O
d6 9. Bg5 O-O $6 10. Bxf6 gxf6 11. Na4 Rd8 12. c3 Ne5 13. b4 Nxf3+ 14. Bxf3 b5
15. Nxc5 dxc5 16. Qe2 cxb4 17. cxb4 Qc4 18. Qxc4 (18. Qe3 Qxb4 $4 19. e5 $1 Rb8
(19... fxe5 $4 20. Qg5+ $18) 20. exf6 $18) 18... bxc4 19. Rac1 Rb8 20. Rfd1
Rxd1+ 21. Bxd1 Ba6 22. a3 Kf8 23. Be2 e5 24. g4 h6 25. h4 Ke7 26. Kg2 Rc8 $6 (
26... Bb5) 27. a4 Bb7 28. Rxc4 $2 Rxc4 29. Bxc4 Bxe4+ 30. f3 Bc2 {+0,02} 31. a5
f5 32. g5 ({Zum Glück für den D++ spielt Schwarz nicht ...} 32. b5 $1) 32...
hxg5 33. hxg5 e4 34. Kf2 f4 35. fxe4 $2 $11 {Zum Glück für den D++ spielt
Schwarz nicht ...} (35. b5 $1) 35... Bxe4 36. b5 f6 37. gxf6+ Kxf6 38. b6 axb6
39. axb6 Ke5 40. Bb5 Kd6 {-0,04} 41. Be2 Kc5 42. Bf3 Bxf3 43. Kxf3 Kxb6 44.
Kxf4 1/2-1/2

[Event "23. Schachcomputer Oldie-Turnier U1960"]
[Site "Klingenberg am Main"]
[Date "2022.04.09"]
[Round "3.2"]
[White "Chafitz Sargon ARB 4.0 24 MHz"]
[Black "Mephisto Modena"]
[Result "1-0"]
[WhiteElo "1960"]
[BlackElo "1957"]
[PlyCount "163"]
[EventDate "2022.04.09"]
[EventType "rapid"]

1. Nf3 c6 2. e4 d5 3. e5 Qa5 4. Be2 Bf5 5. O-O Qc5 6. c3 Qb6 7. Nh4 Bd7 8. d4
g6 9. c4 Bg7 10. c5 Qc7 11. Bf4 h6 12. Nf3 Bf5 13. Nc3 Nd7 14. Bd3 Bxd3 15.
Qxd3 e6 16. Bg3 Ne7 17. b4 b6 18. Bh4 Nf5 19. a4 bxc5 20. bxc5 O-O 21. Rab1
Rab8 22. Bg3 Rfd8 23. Ne2 Qa5 24. Qc2 Nf8 25. Bf4 Nd7 26. Ng3 Nxg3 27. Bxg3
Rxb1 28. Rxb1 Rb8 29. Rxb8+ Nxb8 30. Bf4 Nd7 31. Bd2 Qc7 32. Qd3 Nb8 33. Qb3
Nd7 34. a5 Nb8 35. Ne1 Na6 36. Nd3 Nb8 37. Qa4 a6 38. Nb4 Qb7 39. Qb3 Qb5 40.
Qc3 Nd7 41. Qe3 Nf8 42. Qd3 Qxa5 43. Bc3 Qa4 44. Qxa6 Qxa6 45. Nxa6 Nd7 46. Nb4
Nb8 47. Kf1 Kf8 48. Ke2 h5 49. Kd3 Ke8 50. Bd2 Kd7 51. Kc3 Kc7 52. Nd3 Nd7 53.
Kb4 Kc8 54. Ka5 Kb7 55. f3 Kc7 56. Ka6 Kb8 57. Ba5 Ka8 58. f4 Bh6 59. Bd8 Kb8
60. Nb4 Kc8 61. Nxc6 Bxf4 62. g3 Be3 63. Bb6 g5 64. Ne7+ Kb8 65. Ba7+ Kc7 66.
c6 Bg1 67. cxd7 Bxh2 68. Ng8 Kxd7 69. Nf6+ Kc6 70. Nxh5 g4 71. Bb6 Kd7 72. Kb7
Ke7 73. Kc7 Kf8 74. Kd7 Bg1 75. Bc5+ Kg8 76. Nf6+ Kg7 77. Nxg4 Kh7 78. Ke8 Kg6
79. Kf8 Kg5 80. Nf6 Kg6 81. Ng8 Kh7 82. Kxf7 1-0

[Event "23. Schachcomputer Oldie-Turnier U1960"]
[Site "Klingenberg am Main"]
[Date "2022.04.09"]
[Round "3.3"]
[White "Fidelity Elite Privat Glasgow"]
[Black "Mephisto Amsterdam"]
[Result "0-1"]
[WhiteElo "1842"]
[BlackElo "1934"]
[PlyCount "126"]
[EventDate "2022.04.09"]
[EventType "rapid"]

1. e4 e5 2. Nc3 Nc6 3. Bc4 Nf6 4. d3 Bc5 5. Bg5 h6 6. Bh4 d6 7. Na4 Bb6 8. Nf3
Bg4 9. Nxb6 axb6 10. h3 Bxf3 11. Qxf3 g5 12. Bg3 Nd4 13. Qd1 b5 14. Bb3 O-O 15.
O-O c6 16. Qd2 Kg7 17. c3 Qa5 18. Bd1 Ne6 19. Bc2 Nh5 20. Bh2 Nhf4 21. b4 Qb6
22. a4 bxa4 23. Bxa4 d5 24. Bb3 Rfd8 25. exd5 cxd5 26. Bxf4 Nxf4 27. Rfe1 Qc7
28. Ba4 Rdc8 29. c4 dxc4 30. dxc4 Qxc4 31. Qd6 Nd3 32. Re3 Rd8 33. Qb6 Qd4 34.
Qxd4 Rxd4 35. Ra3 Nxb4 36. Rf3 f6 37. Bb5 Rxa3 38. Rxa3 Rd5 39. Be2 b6 40. Rb3
Rd4 41. Kf1 Kg6 42. Bb5 h5 43. Ke2 h4 44. Ra3 f5 45. Rc3 f4 46. f3 Kf6 47. Bc4
Rd6 48. Bb5 Rd5 49. Bc4 Rc5 50. Kd2 Nd5 51. Bxd5 Rxd5+ 52. Kc2 Ke6 53. Rc4 b5
54. Rc8 Rd4 55. Rb8 b4 56. Kb3 Rd2 57. Re8+ Kf5 58. Rf8+ Kg6 59. Rb8 Rxg2 60.
Rg8+ Kf7 61. Ra8 Rg3 62. Kxb4 Rxf3 63. Kc4 Rxh3 0-1

[Event "23. Schachcomputer Oldie-Turnier U1960"]
[Site "Klingenberg am Main"]
[Date "2022.04.09"]
[Round "3.4"]
[White "Novag Aquamarine Super Nova"]
[Black "Saitek Travel Champion 2080"]
[Result "0-1"]
[WhiteElo "1922"]
[BlackElo "1922"]
[PlyCount "143"]
[EventDate "2022.04.09"]
[EventType "rapid"]

1. e4 Nf6 2. e5 Nd5 3. d4 d6 4. Nf3 Bg4 5. Be2 e6 6. O-O dxe5 7. Nxe5 Bxe2 8.
Qxe2 Nd7 9. Rd1 Bd6 10. c4 N5f6 11. Nc3 O-O 12. c5 Be7 13. c6 bxc6 14. Nxc6 Qe8
15. Nb5 Nb8 16. d5 Nxc6 17. dxc6 Qxc6 18. Bg5 Rfb8 19. Nd4 Qd5 20. Bf4 Bd6 21.
Nb3 Qe4 22. Qxe4 Nxe4 23. Bxd6 cxd6 24. Rac1 d5 25. Rc7 Nd6 26. Rdc1 Nc4 27.
Rc2 a5 28. Kf1 h6 29. Ke2 a4 30. Nd4 Nxb2 31. Nc6 Rb5 32. Nd4 Rb6 33. R2c5 Nc4
34. Kf3 Rb2 35. a3 Nxa3 36. Rc8+ Rxc8 37. Rxc8+ Kh7 38. Ra8 Rb4 39. Nc6 Rc4 40.
Ne5 Rc3+ 41. Ke2 Nc4 42. Nd7 Kg6 43. Rxa4 Rc2+ 44. Kf3 e5 45. Ra7 Kg5 46. Kg3
Rc3+ 47. f3 e4 48. Nc5 Nd6 49. h4+ Kf5 50. Na4 Ra3 51. Rd7 Ke5 52. Nc5 d4 53.
Kg4 d3 54. f4+ Kd5 55. Nb7 Kc6 56. Rxd6+ Kxb7 57. Rd7+ Kc6 58. Rd8 g6 59. f5 e3
60. fxg6 fxg6 61. Kf3 e2 62. Re8 Ra1 63. Rxe2 dxe2 64. Kxe2 Kd5 65. Kf3 Ra3+
66. Kf2 Ke4 67. Kg1 Kf4 68. Kf1 Ra1+ 69. Ke2 Ra2+ 70. Kd3 Rxg2 71. h5 gxh5 72.
Kd4 0-1

[Event "23. Schachcomputer Oldie-Turnier U1960"]
[Site "Klingenberg am Main"]
[Date "2022.04.09"]
[Round "3.5"]
[White "Mephisto MM IV + HG440"]
[Black "Mephisto MM II 7.4 MHz"]
[Result "1-0"]
[WhiteElo "1947"]
[BlackElo "1892"]
[PlyCount "97"]
[EventDate "2022.04.09"]
[EventType "rapid"]

1. d4 d5 2. c4 dxc4 3. Nf3 a6 4. e3 Bg4 5. Bxc4 e6 6. h3 Bh5 7. Nc3 Nf6 8. g4
Bg6 9. Ne5 Bd6 10. Nxg6 hxg6 11. e4 b5 12. Bd3 c5 13. e5 cxd4 14. exf6 dxc3 15.
fxg7 Rg8 16. Be4 Ra7 17. Qd4 Rc7 18. bxc3 e5 19. Qd3 Rxg7 20. Bh6 Rh7 21. Bg5
Qd7 22. Rd1 Bc5 23. Qf3 Qc8 24. Bb7 Qd7 25. Rxd7 Kxd7 26. Qd3+ Bd6 27. Be4 Rc4
28. Bxg6 fxg6 29. Qxg6 Re7 30. Bxe7 Bxe7 31. Qb6 Bd6 32. Kd2 Ra4 33. Rd1 Bc7
34. Ke3+ Kc8 35. Qe6+ Kb7 36. g5 Nc6 37. g6 Rf4 38. Rd7 Rf8 39. Qd6 Rc8 40. g7
Na5 41. Ke4 Nc4 42. Rxc7+ Rxc7 43. Qd5+ Ka7 44. g8=Q Nb6 45. Qd6 Rb7 46. Qc5
Rd7 47. Kxe5 Kb7 48. h4 Nc4+ 49. Kf4 1-0

[Event "23. Schachcomputer Oldie-Turnier U1960"]
[Site "Klingenberg am Main"]
[Date "2022.04.09"]
[Round "3.6"]
[White "Mephisto Mega IV"]
[Black "Mephisto Roma II"]
[Result "1/2-1/2"]
[WhiteElo "1949"]
[BlackElo "1960"]
[PlyCount "142"]
[EventDate "2022.04.09"]
[EventType "rapid"]

1. e4 c6 2. d4 d5 3. Nc3 dxe4 4. Nxe4 Bf5 5. Ng3 Bg6 6. Bc4 e6 7. N1e2 Nf6 8.
O-O Bd6 9. f4 Qd7 10. Bd3 Bxd3 11. Qxd3 g6 12. Bd2 O-O 13. c4 Qc7 14. b4 Nbd7
15. Rad1 Rac8 16. a4 Rfe8 17. a5 Bf8 18. Bc3 Bg7 19. Rde1 Ra8 20. Nc1 b6 21.
Nb3 b5 22. Nd2 Rab8 23. Nge4 bxc4 24. Nxc4 Nd5 25. Ned6 Red8 26. Ne4 Nxb4 27.
Qf3 Nd5 28. Ne5 Rb3 29. Rb1 Rdb8 30. Rbc1 Bh6 31. Nxd7 Qxd7 32. Nc5 Qc7 33.
Nxb3 Rxb3 34. g3 Qd6 35. Qd3 Bg7 36. Kh1 Nxc3 37. Rxc3 Rxc3 38. Qxc3 Qd5+ 39.
Qf3 Bxd4 40. a6 c5 41. Kg2 Qa2+ 42. Kh3 Qxa6 43. Rc1 Qb6 44. Qa8+ Kg7 45. Re1
h6 46. Qe8 Qb4 47. Re2 Qb1 48. Qa8 c4 49. Qe4 Qf1+ 50. Rg2 Bb6 51. Qe2 Qxe2 52.
Rxe2 c3 53. Rc2 Bd4 54. Kg4 f5+ 55. Kf3 g5 56. Ra2 gxf4 57. gxf4 h5 58. Ke2 Kf6
59. Kd3 e5 60. h3 Bb6 61. fxe5+ Kxe5 62. Kxc3 f4 63. Kd3 f3 64. Ra4 Kf5 65. Kd2
a5 66. Ke1 f2+ 67. Ke2 Kg5 68. Rc4 Ba7 69. Ra4 Bb6 70. Rc4 Ba7 71. Ra4 Bb6
1/2-1/2